000 00672nam a2200265Ia 4500
001 573
005 20240113233420.0
007 ta
008 050119s1971 a g b000 u eng u
020 _a333 10310 6
040 _aCotton College,Assam
041 _aeng
082 _a923.3
_bMa 119 Ri
100 _aMacmillan, Harold .
245 0 _aRiding the Storm 1956-1959 /
_cHarold Macmillan.
_hTextual Documents
250 _a1st ed /
260 _aLondon :
_bMacmillan ,
_c1971.
300 _a786p. :
_bill ;
_c21cm .
653 _aBiography
653 _aG-Biography
942 _2ddc
_cBK
999 _c571
_d571